Country Outlines (but i can't draw and i'm making it from memory) 2 - Statistics

General Stats
  • This quiz has been taken 84 times
  • The average score is 4 of 16
Answer Stats
Picture Answer % Correct
usa
88%
japan
81%
haiti
58%
malaysia
49%
micronesia
49%
mexico
36%
mongolia
26%
morocco
18%
togo
18%
brunei
6%
denmark
4%
libya
4%
venezuela
3%
cambodia
1%
chad
1%
lebanon
1%
No matching quizzes found
Score Distribution
Percent of People with Each Score
Percentile by Number Answered
Your Score History
You have not taken this quiz